HARD- Star Wars Characters That Appear in the Prequels - Statistics

General Stats
  • This quiz has been taken 48 times
  • The average score is 13 of 15
Answers on the Grid
Answers color-coded by a green-red scale on the quiz's grid according to % correct below.
Snoke
Obi-Wan Kenobi
Anakin Skywalker
Darth Vader
Rey Palpatine
Ashoka Tano
Darth Sidious
Captain Rex
Commander Cody
Han Solo
Chewbacca
General Hux
Princess Leia
Grogu
Quinlan Vos
Tarkin
Jabba the Hutt
Lando Calrissian
Greedo
Admiral Ackbar
C-3PO
Finn
Maz Kanata
Boba Fett
Captain Phasma
Ben Solo
Jango Fett
Darth Maul
Bossk
IG-88
Mon Mothma
 
Answer Stats
Answer % Correct
Anakin Skywalker
100%
Darth Vader
100%
Obi-Wan Kenobi
100%
C-3PO
95%
Darth Sidious
95%
Darth Maul
92%
Jango Fett
92%
Chewbacca
89%
Commander Cody
89%
Princess Leia
89%
Boba Fett
84%
Jabba the Hutt
73%
Mon Mothma
62%
Quinlan Vos
57%
Greedo
46%
No matching quizzes found
Score Distribution
Percent of People with Each Score
Percentile by Number Answered
Your Score History
You have not taken this quiz